[Event "CZE-chT2 9798"]
[Site "CZE"]
[Date "1997.??.??"]
[Round "1.4"]
[White "Maskova, Jana"]
[Black "Hadraba, Vladimir"]
[Result "1/2-1/2"]
[WhiteElo "2230"]
[BlackElo "2250"]

1.e4 c5 2.Nc3 Nc6 3.Nge2 e6 4.d4 cxd4 5.Nxd4 Qc7 6.Be2 a6 7.O-O Nf6 8.Be3 Be7
9.f4 d6 10.Kh1 O-O 11.Bf3 Nxd4 12.Qxd4 e5 13.Qd2 b5 14.a3 Bb7 15.f5 Rfd8
16.Qf2 Qc4 17.Rae1 b4 18.axb4 Qxb4 19.Bc1 Rac8 20.g4 d5 21.exd5 e4 22.Nxe4 Bxd5
23.Nxf6+ Bxf6 24.Bxd5 Rxd5 25.Qg2 Rd7 26.c3 Qb7 27.Qxb7 Rxb7 28.g5 Be7 29.f6 Bf8
30.Re2 Rb5 31.Rfe1 Rf5 32.Re5 Rf2 33.R5e2 Rf5 34.fxg7 Kxg7 35.Be3 Kg6 36.h4 Re8
37.Bd4 Rxe2 38.Rxe2 Rf4 39.Rh2 Kh5 40.Bf6 Bd6 41.Rh3 Rf2 42.b4 Rd2 43.Re3 Rh2+
44.Kg1 Rxh4 45.Rd3 Bf4 46.Rd7 Kg6 47.Bd4  1/2-1/2

[Event "CZE-chT 9697"]
[Site "CZE"]
[Date "1997.??.??"]
[Round "2"]
[White "Sleich, Jan"]
[Black "Suran, Jan"]
[Result "1-0"]
[WhiteElo "2210"]
[BlackElo "2300"]

1.e4 c5 2.Nf3 e6 3.Nc3 Nc6 4.d4 cxd4 5.Nxd4 Qc7 6.Be2 Nf6 7.O-O a6 8.Be3 Be7
9.f4 d6 10.a4 O-O 11.Kh1 Re8 12.Bf3 Rb8 13.Nb3 b6 14.g4 Bf8 15.g5 Nd7 16.Bg2 Na5
17.Nd4 Bb7 18.Qh5 Nc6 19.Nde2 Ne7 20.Rf3 g6 21.Qh4 Bg7 22.Rh3 Nf8 23.Qf2 Ba8
24.Nd4 Nc6 25.Rd1 Nxd4 26.Bxd4 e5 27.Be3 exf4 28.Bxf4 Be5 29.Rhd3 Bxf4 30.Qxf4 Ne6
31.Qg3 Qe7 32.h4 Nc5 33.Rd4 Qe5 34.Qf2 Bc6 35.b3 Rbd8 36.Qf3 a5 37.Nd5 Bxd5
38.Rxd5 Qe7 39.R5d4 h6 40.Qg3 hxg5 41.hxg5 Ne6 42.Rd5 Rc8 43.c4 Rc5 44.Qxd6 Nxg5
45.e5 Rxd5 46.Rxd5 Qe6 47.Qxe6 Nxe6 48.Rd6 Nf4 49.Rxb6 Rxe5 50.Bb7 Kf8 51.b4 axb4
52.Rxb4 Rc5 53.Ba6 Ke7 54.Rb7+ Ke6 55.Bb5 Rh5+ 56.Kg1 Ne2+ 57.Kf2 Nd4 58.a5 Re5
59.a6 Re2+ 60.Kg3 Ra2 61.a7 Kf5 62.Rxf7+ Kg5 63.Rd7 Ra3+ 64.Kf2 Ne6 65.Bc6  1-0

[Event "CZE-chT 9697"]
[Site "CZE"]
[Date "1997.??.??"]
[Round "2"]
[White "Gross, Stefan"]
[Black "Bretsnajdr, Vladimir"]
[Result "1-0"]
[WhiteElo "2340"]
[BlackElo "2290"]

1.e4 c5 2.Nf3 e6 3.d4 cxd4 4.Nxd4 Nc6 5.Nc3 Qc7 6.f4 d6 7.Be3 a6 8.Qf3 Nf6
9.O-O-O Be7 10.Be2 O-O 11.g4 Nxd4 12.Bxd4 b5 13.g5 Nd7 14.Qh5 b4 15.Rd3 Re8
16.f5 exf5 17.Nd5 Qd8 18.Rg1 fxe4 19.Rh3 Nf8 20.Nf6+ Bxf6 21.gxf6 Bxh3 22.Rxg7+ Kh8
23.Qxf7  1-0

[Event "Moravia-chT 9798"]
[Site "CZE"]
[Date "1997.??.??"]
[Round "3.2"]
[White "Vyskocil, Neklan"]
[Black "Frolik, Martin"]
[Result "1-0"]
[WhiteElo "2330"]
[BlackElo "2265"]

1.e4 c5 2.Nf3 e6 3.Nc3 Nc6 4.d4 cxd4 5.Nxd4 Nf6 6.g3 Bb4 7.Bg2 Qb6 8.Nb3 O-O
9.O-O Bxc3 10.bxc3 d5 11.exd5 Nxd5 12.c4 Nde7 13.c5 Qd8 14.Qe2 e5 15.Bb2 f6
16.Rad1 Qe8 17.f4 exf4 18.Rxf4 Ng6 19.Bd5+ Kh8 20.Qxe8 Rxe8 21.Rxf6 Bg4 22.Rb1 Nge5
23.Rf4 h5 24.Nd4 Rad8 25.Nxc6 bxc6 26.Bg2 Rb8 27.Rff1 Be2 28.Bxe5 Rxb1 29.Bxg7+ Kxg7
30.Rxb1 Bb5 31.Bf1 Bxf1 32.Kxf1 Re5 33.Rb7+ Kg6 34.Rxa7 Rxc5 35.Re7 Rxc2
36.Re2 Rc1+ 37.Kf2 Kf5 38.Ke3 h4 39.gxh4 Rc4 40.h5 Rh4 41.Kd3 Rxh5 42.Kc4 Kf4
43.a4 Kf3 44.Ra2 Rh4+ 45.Kc5 Rh5+ 46.Kb6 c5 47.a5 c4 48.a6 Rh6+ 49.Kb5 Rh5+
50.Kb4 Rh8 51.a7  1-0

[Event "CZE-chT 9697"]
[Site "CZE"]
[Date "1997.??.??"]
[Round "4"]
[White "Tobyas, Miroslav"]
[Black "Pachmann, Ales"]
[Result "1-0"]
[WhiteElo "2290"]
[BlackElo "2270"]

1.e4 c5 2.Nf3 e6 3.d4 cxd4 4.Nxd4 Nc6 5.Nc3 d6 6.Bc4 Nf6 7.Be3 a6 8.Qe2 Qc7
9.Bb3 Be7 10.O-O-O Na5 11.g4 b5 12.g5 Nxb3+ 13.axb3 Nd7 14.Nf5 exf5 15.Nd5 Qd8
16.exf5 Bb7 17.Rhe1 Bxd5 18.Rxd5 O-O 19.f6 Nxf6 20.gxf6 Bxf6 21.Qd2 Re8 22.Rxd6 Qe7
23.Rd5 Qc7 24.h4 Rac8 25.Rc5 Qb7 26.Rxc8 Rxc8 27.Bg5 Bxg5 28.hxg5 Qc6 29.Kb1 Qc5
30.f4 g6 31.Re5 Qc6 32.c3 Re8 33.Qd4 Rf8 34.Rd5 Qe6 35.Re5 Qc6 36.Rc5 Qe6
37.Re5 Qc6 38.c4 Rc8 39.c5 Qh1+ 40.Ka2 Qc6 41.Rd5 Qc7 42.b4 Re8 43.Rd7 Qc6
44.Rd6 Qc7 45.Qd5 a5 46.Qc6 Qxc6 47.Rxc6 axb4 48.Rb6 Re4 49.Rxb5 Rxf4 50.Kb3 Kf8
51.c6 Ke7 52.Rd5 Rf5 53.c7 Rxd5 54.c8=Q Rxg5 55.Kxb4 h5 56.Kc3 Rg3+ 57.Kd4 Rg4+
58.Ke3 f5 59.b4 h4 60.b5 h3 61.Qh8 g5 62.b6 Rb4 63.Qe5+ Kd7 64.Qd5+  1-0

[Event "CZE-chT 9697"]
[Site "CZE"]
[Date "1997.??.??"]
[Round "6"]
[White "Movsesian, Sergei"]
[Black "Hracek, Zbynek"]
[Result "1/2-1/2"]
[WhiteElo "2630"]
[BlackElo "2630"]

1.e4 c5 2.Nf3 Nc6 3.Nc3 e6 4.d4 cxd4 5.Nxd4 Qc7 6.Be3 a6 7.f4 b5 8.a3 Nxd4
9.Qxd4 Ne7 10.Qd2 Nc6 11.Bd3 b4 12.axb4 Nxb4 13.Qf2 Bb7 14.Bb6 Qc6 15.Bd4 f6
16.Qg3 Rc8 17.Rd1 Kf7 18.O-O Bc5 19.Bxc5 Qxc5+ 20.Kh1 Bc6 21.Rd2 Nxd3 22.cxd3 Qd4
23.Ne2 Qb4 24.Qe3 Rhe8 25.Ra1 Bb7 26.e5 fxe5 27.fxe5 Kg8 28.d4 Rf8 29.Nc3 Rf5
30.h3 Rcf8 31.Kh2 h6 32.Re1 d6 33.exd6 Qxd6+ 34.Qg3 Rd8 35.Qxd6 Rxd6 36.Ne4 Rd8
37.Ng3 Rfd5  1/2-1/2

[Event "CZE-chT 9697"]
[Site "CZE"]
[Date "1997.??.??"]
[Round "11"]
[White "Prandstetter, Eduard"]
[Black "Beil, Zdenek"]
[Result "1/2-1/2"]
[WhiteElo "2395"]
[BlackElo "2325"]

1.e4 c5 2.Nf3 Nc6 3.d4 cxd4 4.Nxd4 e6 5.Nc3 a6 6.Be2 Qc7 7.O-O Nf6 8.Be3 Bb4
9.Nxc6 bxc6 10.Na4 O-O 11.Nb6 Rb8 12.Nxc8 Rfxc8 13.Bxa6 Rd8 14.Bd3 Bd6  1/2-1/2

[Event "Decin op"]
[Site "Decin"]
[Date "1997.??.??"]
[Round "6"]
[White "Dochev, Dimitar"]
[Black "Kubala, Petr"]
[Result "1/2-1/2"]
[WhiteElo "2385"]
[BlackElo "2260"]

1.e4 c5 2.Nf3 e6 3.d4 cxd4 4.Nxd4 Nc6 5.Nc3 Qc7 6.Be3 a6 7.Qd2 Nf6 8.f3 b5
9.g4 h6 10.h4 Bb7 11.Rg1 Nxd4 12.Bxd4 e5 13.Bf2 Rc8 14.O-O-O Bb4 15.g5 Nh5
16.Bh3 Rd8 17.Be3 Bxc3 18.Qxc3 Qxc3 19.bxc3 hxg5 20.Bxg5 f6 21.Be3 d5  1/2-1/2

[Event "Decin op"]
[Site "Decin"]
[Date "1997.??.??"]
[Round "8"]
[White "Loktionova, Natalia"]
[Black "Verdihanov, Vladislav"]
[Result "1-0"]
[WhiteElo "2195"]
[BlackElo "2405"]

1.e4 c5 2.Nf3 e6 3.d4 cxd4 4.Nxd4 Nc6 5.Nc3 Qc7 6.Be2 a6 7.O-O Nf6 8.a3 Be7
9.Kh1 O-O 10.f4 d6 11.Nb3 b5 12.Be3 Bb7 13.Bf3 Rac8 14.Qe1 b4 15.axb4 Nxb4
16.Qf2 d5 17.e5 Ne4 18.Bxe4 dxe4 19.Rfd1 Bd5 20.Nd4 Rfd8 21.Qg3 Nc6 22.f5 Nxe5
23.fxe6 fxe6 24.Nxd5 Rxd5 25.Nxe6 Bb4 26.Rxd5  1-0

[Event "DEN-chT 9697"]
[Site "?"]
[Date "1997.??.??"]
[Round "4"]
[White "Borge, Nikolaj"]
[Black "Mortensen, Erling"]
[Result "1/2-1/2"]
[WhiteElo "2455"]
[BlackElo "2445"]

1.e4 c5 2.Nc3 Nc6 3.Nge2 e6 4.d4 cxd4 5.Nxd4 a6 6.Nxc6 bxc6 7.e5 Qc7 8.f4 f5
9.Be2 d5 10.exd6 Bxd6 11.Bh5+ g6 12.Bf3 Nf6 13.Qd4 O-O 14.Be3 Nd5 15.Bxd5 cxd5
16.Nxd5 Qa5+ 17.Nc3 Bb4 18.O-O-O Bb7 19.Qd7 Bxc3 20.Qxe6+ Rf7 21.Rd7 Bxb2+
22.Kb1 Rf8 23.Rxb7 Bf6 24.Rb3 Kg7 25.Rd1 Rd8 26.Rc1 Qa4 27.g3 Re7 28.Qb6 Rd5
29.Bc5 Red7 30.Ba3 Rb5 31.Rxb5 axb5 32.Qc5 Kh6 33.Qb4 Qa6 34.Bb2 Bxb2 35.Kxb2 Qf6+
36.Qc3 Qd6 37.a3 Qd2 38.Qxd2 Rxd2 39.Kc3 Rxh2 40.Kb4 Rg2 41.Kxb5 Rxg3 42.a4 g5
43.fxg5+ Kxg5 44.c4 Rb3+ 45.Ka6 Kf6 46.c5 Ke7 47.Rd1 Rc3 48.Kb6 Rb3+ 49.Kc7 f4
50.c6 Ra3 51.Rd4 f3 52.Rf4 h5 53.Kc8 Rc3 54.c7 Kd6 55.Rd4+ Ke7 56.Re4+ Kd6
57.Rd4+ Ke7 58.Rd2 Ra3 59.a5 Rxa5 60.Kb7 Rc5 61.c8=Q Rxc8 62.Kxc8 Ke6 63.Rd3 Kf5
64.Rxf3+ Kg4  1/2-1/2

[Event "DEN-chT 9697"]
[Site "?"]
[Date "1997.??.??"]
[Round "5"]
[White "Brinck Claussen, Bjorn"]
[Black "Mortensen, Erling"]
[Result "1-0"]
[WhiteElo "2395"]
[BlackElo "2445"]

1.e4 c5 2.Nf3 e6 3.d4 cxd4 4.Nxd4 Nc6 5.Nc3 a6 6.g3 d6 7.Bg2 Bd7 8.O-O Nf6
9.a4 Be7 10.Be3 Na5 11.Qe2 Rc8 12.Rad1 O-O 13.Kh1 Nc4 14.Bc1 Qa5 15.f4 Qb4
16.Rd3 Nb6 17.Bd2 Qc5 18.b3 e5 19.fxe5 dxe5 20.Nf5 Bxf5 21.exf5 Qc7 22.g4 h6
23.g5 hxg5 24.Bxg5 Rfd8 25.Rh3 Nbd7 26.Qe1 Qd6 27.Qh4 Kf8 28.Ne4 Qa3 29.Qh8+ Ng8
30.Rh7  1-0

[Event "DEN-chT 9697"]
[Site "?"]
[Date "1997.??.??"]
[Round "5"]
[White "Rej, Dennis"]
[Black "Olsen, Nils Linde"]
[Result "1/2-1/2"]
[WhiteElo "2245"]
[BlackElo "2285"]

1.e4 c5 2.Nf3 Nc6 3.Nc3 e6 4.d4 cxd4 5.Nxd4 d6 6.Be2 Be7 7.Be3 Nf6 8.Qd2 O-O
9.g4 d5 10.exd5 exd5 11.f3 Bb4 12.a3 Ba5 13.O-O-O Be6 14.Rhe1 Rc8 15.Bd3 a6
16.g5 Ne8 17.g6 hxg6 18.Nxe6 fxe6 19.Bg5 Qd6 20.Bxg6 Ne5 21.Rxe5 Rxc3 22.f4 Rxa3
23.c3 Ra1+ 24.Kc2 Rxd1 25.Qxd1 Nf6 26.Bxf6 Rxf6 27.Qh5 Rxf4 28.Qh7+ Kf8 29.Qh8+ Ke7
30.Qxg7+ Kd8 31.Qg8+ Rf8 32.Qxe6 Qxe6 33.Rxe6 Rf2+ 34.Kb3 Rxh2 35.Rd6+ Kc7
36.Rxd5 Bb6 37.Be4 Be3 38.Re5 Bc1 39.Bc2 b6 40.Re1 Bd2 41.Rf1 a5 42.Bd3 Be3
43.Re1  1/2-1/2

[Event "Dhaka"]
[Site "Dhaka"]
[Date "1997.??.??"]
[Round "2"]
[White "Malisauskas, Vidmantas"]
[Black "Thipsay, Praveen Mahadeo"]
[Result "1/2-1/2"]
[WhiteElo "2530"]
[BlackElo "2460"]

1.e4 c5 2.Nf3 e6 3.d4 cxd4 4.Nxd4 Nc6 5.Nc3 Qc7 6.g3 a6 7.Bg2 Nf6 8.O-O Nxd4
9.Qxd4 Bc5 10.Bf4 d6 11.Qd2 h6 12.Rad1 e5 13.Be3 Ke7 14.f4 Be6 15.fxe5 dxe5
16.Nd5+ Bxd5 17.exd5 Rac8 18.Kh1 Qd6 19.Rf5 Bxe3 20.Qxe3 Rxc2 21.Rxe5+ Kd8
22.Re1 Ng4 23.Re8+ Rxe8 24.Qxe8+ Kc7 25.Qxf7+ Kb8 26.Qf5 Nf2+ 27.Kg1 Qc5
28.Qe5+ Ka7 29.Qe3 Qxe3 30.Rxe3 Ng4 31.Rd3 Rc1+ 32.Bf1 Kb8 33.h3 Nh2 34.Kxh2 Rxf1
35.Kg2 Rb1 36.Rd2 Kc7 37.d6+ Kd7 38.Kf3 Re1 39.Rd3 Re6 40.Kg4 Rg6+ 41.Kh5 Rg5+
42.Kh4 a5 43.b3 Rf5 44.Kg4 g6 45.Rd4 b5 46.Rd3 Rf2 47.a4 Rf5 48.axb5 Rxb5
49.Kf4 Rh5 50.h4 Rb5 51.Ke4 g5 52.h5 g4 53.Kf4 Rxh5 54.Kxg4 Rb5 55.Kf4 h5
56.Ke4 Rg5 57.Kf3 Rg4 58.Rd5 Rb4 59.Rxh5 Kxd6 60.Rxa5 Rxb3+ 61.Kg4 Ke6 62.Rg5 Kf7
63.Kh5 Rb6  1/2-1/2

[Event "Dhaka"]
[Site "Dhaka"]
[Date "1997.??.??"]
[Round "2"]
[White "Hasan, Kayes"]
[Black "Plaskett, Jim"]
[Result "0-1"]
[WhiteElo "2255"]
[BlackElo "2455"]

1.e4 c5 2.Nf3 e6 3.d4 cxd4 4.Nxd4 Nc6 5.Nc3 a6 6.Be3 Qc7 7.Be2 Nf6 8.O-O Bb4
9.Na4 O-O 10.c4 Be7 11.Nc3 b6 12.f4 Nxd4 13.Bxd4 Bb7 14.e5 Ne4 15.Nxe4 Bxe4
16.Qb3 Rab8 17.Bf3 Bxf3 18.Rxf3 f6 19.Rd1 fxe5 20.Bxe5 Bc5+ 21.Kh1 d6 22.Bd4 e5
23.fxe5 dxe5 24.Bxc5 Qxc5 25.Rxf8+ Rxf8 26.Qd3 Qf2 27.h3 Qxb2 28.Qd5+ Kh8
29.a4 h6 30.Re1 Qb4 31.Rxe5 Qxa4 32.Qd4 Qc6 33.Re7 Qf6 34.Qd7 Qg6 35.Re6 Qf5
36.Qd6 Kh7 37.Qxb6 Qf1+ 38.Kh2 Qf4+ 39.Kg1 Rb8 40.Qe3 Rb1+  0-1

[Event "Dhaka"]
[Site "Dhaka"]
[Date "1997.??.??"]
[Round "9"]
[White "Nguyen Anh Dung"]
[Black "Murshed, Niaz"]
[Result "1-0"]
[WhiteElo "2465"]
[BlackElo "2505"]

1.e4 c5 2.Nf3 e6 3.d4 cxd4 4.Nxd4 Nc6 5.Nc3 Qc7 6.Be2 a6 7.O-O Nf6 8.Kh1 Bb4
9.Nxc6 bxc6 10.f4 Bxc3 11.bxc3 c5 12.e5 Nd5 13.Bf3 Bb7 14.c4 Nb6 15.Bxb7 Qxb7
16.Rb1 Qc6 17.Qg4 O-O 18.Rb3 Nxc4 19.Rg3 g6 20.f5 Nxe5 21.Qf4 Qb5 22.Re1 f6
23.fxg6 Nxg6 24.h4 Kf7 25.Qh6 Rh8 26.h5 Rag8 27.Kg1 Nh4 28.Rf1 Qxf1+ 29.Kxf1 Rxg3
30.Qf4 Nf5 31.Qc7 Re8 32.Qxd7+ Re7 33.Qc8 Rg8 34.Qxc5 Ng3+ 35.Ke1 Rd7 36.Bf4 Nf5
37.Qc6 Rgd8 38.Qxa6 e5 39.Qc4+ Ke7 40.Qc5+ Ke6 41.Qc4+ Ke7 42.Qb4+ Ke6 43.Qb3+ Ke7
44.Bc1 Nd6 45.Ba3 f5 46.Qe3 Ke6 47.Qh6+ Kd5 48.Bxd6 Rxd6 49.Qxh7 Ke4 50.Qb7+ Kf4
51.Qf3+ Kg5 52.Qe3+ Kxh5 53.Qxe5 Kg6 54.Qg3+ Kf6 55.Qc3+ Kg6 56.Kf2 Ra6 57.Qg3+  1-0

[Event "Dhaka"]
[Site "Dhaka"]
[Date "1997.??.??"]
[Round "12"]
[White "Malisauskas, Vidmantas"]
[Black "Murshed, Niaz"]
[Result "1-0"]
[WhiteElo "2530"]
[BlackElo "2505"]

1.e4 c5 2.Nf3 e6 3.d4 cxd4 4.Nxd4 Nc6 5.Nc3 Qc7 6.g3 a6 7.Bg2 Nf6 8.Nb3 Bb4
9.Bd2 O-O 10.O-O b6 11.a3 Be7 12.f4 d6 13.g4 Re8 14.g5 Nd7 15.Qg4 Bf8 16.Rf3 g6
17.Qh4 Bg7 18.f5 Be5 19.f6 h5 20.Rh3 Nd4 21.Kh1 Bb7 22.Nxd4 Bxd4 23.Bf3 Qc5
24.b4 Qe5 25.Bg2 Bxc3 26.Bxc3 Qb5 27.Bf3 Ne5 28.Bxh5 Bxe4+ 29.Kg1  1-0

[Event "Dieren op"]
[Site "Dieren"]
[Date "1997.??.??"]
[Round "8"]
[White "De Vreugt, Dennis"]
[Black "Milov, Leonid"]
[Result "1-0"]
[WhiteElo "2295"]
[BlackElo "2490"]

1.e4 c5 2.Nf3 e6 3.d4 cxd4 4.Nxd4 Nc6 5.Nc3 a6 6.Nxc6 bxc6 7.Bd3 d6 8.O-O Nf6
9.f4 Be7 10.Kh1 Nd7 11.Qh5 O-O 12.Rf3 g6 13.Qh6 f5 14.exf5 exf5 15.Bc4+ Kh8
16.Be3 Nf6 17.Bd4 d5 18.Rd1 Bb7 19.Rh3 Rf7 20.Qxg6 Qg8 21.Qxg8+ Rxg8 22.Re3 Bf8
23.Be2 Bg7 24.b4 Bc8 25.a3 h6 26.g3 Kh7 27.Kg2 Kg6 28.Na4 Ne4 29.Nc5 Ra7
30.c4 Bxd4 31.Rxd4 a5 32.cxd5 axb4 33.axb4 cxd5 34.Rxd5 Ra2 35.Nxe4 fxe4
36.Rd6+ Kh7 37.Kf2 Bf5 38.Rf6 Bg4 39.Rxe4 Kg7 40.Ra6 Rb2 41.h3  1-0

[Event "GER-ch U20 qual"]
[Site "Dortmund"]
[Date "1997.??.??"]
[Round "?"]
[White "Paehtz, Thomas Jr"]
[Black "Keller, Thomas"]
[Result "1/2-1/2"]
[WhiteElo "2135"]
[BlackElo "2215"]

1.e4 c5 2.Nf3 e6 3.d4 cxd4 4.Nxd4 Nc6 5.Nc3 Qc7 6.Be3 a6 7.Be2 b5 8.O-O Bb7
9.Kh1 Nf6 10.a3 Na5 11.Qd3 Nc4 12.Ndxb5 axb5 13.Nxb5 Qe5 14.Qxc4 Rc8 15.Qb3 Bxe4
16.c4 Be7 17.Rac1 O-O 18.Qc3 Qf5 19.f3 Ba8 20.b4 e5 21.Qd3 Qe6 22.Nc3 Nh5
23.Rfd1 d6 24.Nd5 Bd8 25.Bb6 Qh6 26.Bxd8 Bxd5 27.Bb6 Nf4 28.Qd2 Qg6 29.Bd3 Nxd3
30.Qxd3 Qxd3 31.Rxd3 Bxc4 32.Rxd6 Bb5  1/2-1/2

[Event "Caledonian Masters"]
[Site "Edinburgh"]
[Date "1997.??.??"]
[Round "1"]
[White "Pert, Richard G"]
[Black "Crouch, Colin S"]
[Result "1/2-1/2"]
[WhiteElo "2230"]
[BlackElo "2375"]

1.e4 c5 2.Nf3 Nc6 3.Nc3 e6 4.d4 cxd4 5.Nxd4 Qc7 6.f4 a6 7.Nxc6 Qxc6 8.Bd3 d6
9.Qe2 Be7 10.Bd2 Nf6 11.O-O-O Nd7 12.e5 d5 13.Rhf1 Nc5 14.Be3 b5 15.Bxc5 Qxc5
16.Qf3 Bb7 17.f5 O-O-O 18.fxe6 Bg5+ 19.Kb1 fxe6 20.Qf7 Qe7 21.Qxe7 Bxe7 22.Rf7 Bc5
23.Rxg7 Rdg8 24.Rxg8+ Rxg8 25.Ne2 Rxg2 26.Nf4 Rxh2 27.Nxe6 Be7 28.a3 Rh5
29.Nf4  1/2-1/2

[Event "Caledonian Masters"]
[Site "Edinburgh"]
[Date "1997.??.??"]
[Round "3"]
[White "Ferguson, Mark"]
[Black "Crouch, Colin S"]
[Result "0-1"]
[WhiteElo "2420"]
[BlackElo "2375"]

1.e4 c5 2.Nf3 e6 3.d4 cxd4 4.Nxd4 Nc6 5.Nc3 Qc7 6.f4 a6 7.Nxc6 Qxc6 8.Bd3 b5
9.Qe2 Bb7 10.Bd2 Be7 11.a4 b4 12.Na2 Qxa4 13.O-O Qc6 14.Kh1 a5 15.Rfe1 Bh4
16.Red1 Nf6 17.Be1 Bxe1 18.Rxe1 O-O 19.c4 d6 20.e5 dxe5 21.fxe5 Nd7 22.Rad1 Nxe5  0-1

[Event "Caledonian Masters"]
[Site "Edinburgh"]
[Date "1997.??.??"]
[Round "5"]
[White "Wang Pin"]
[Black "Crouch, Colin S"]
[Result "1-0"]
[WhiteElo "2380"]
[BlackElo "2375"]

1.e4 c5 2.Nf3 e6 3.d4 cxd4 4.Nxd4 Nc6 5.Nc3 Qc7 6.Be3 a6 7.Be2 Nf6 8.O-O Be7
9.f4 d6 10.Qe1 O-O 11.Qg3 Nxd4 12.Bxd4 b5 13.a3 Bb7 14.Kh1 Bc6 15.Rae1 Qb7
16.Bd3 Rad8 17.Qh3 h6 18.Re3 e5 19.fxe5 dxe5 20.Bxe5 Bd7 21.Qg3 Ng4 22.Nd5 Bg5
23.Ref3 Nxe5 24.Qxe5 Be6 25.Ne3 Qb8 26.Qxb8 Rxb8 27.Nd5 Bxd5 28.exd5 Bf6
29.b3 Be5 30.a4 f6 31.c4 bxa4 32.bxa4 Rfc8 33.c5 Rxc5 34.Bxa6 Rb4 35.Rd1 Rxa4
36.Bf1 Ra7 37.g3 Kf7 38.Bh3 Ke7 39.Rb3 Ra6 40.Rb7+ Bc7 41.Bc8 Rd6 42.Bf5 Kd8
43.Be6 g5 44.Ra1 Rb6 45.Rxb6 Bxb6 46.d6 Ra5 47.Rb1 Re5 48.Bh3 Ba7 49.Rb7 Re1+
50.Kg2 Re2+ 51.Kf3 Rxh2 52.Be6 Rd2 53.Rxa7 Rxd6 54.Bf5 h5 55.Rh7 Rd5 56.Bg6 h4
57.g4 Rd4 58.Be4 Ra4 59.Ke3 Ra3+ 60.Kd4 Ke8 61.Kd5 Re3 62.Bf5 Kf8 63.Be6 h3
64.Rf7+ Ke8 65.Rxf6 h2 66.Rh6 Re2 67.Rh7 Kf8 68.Kd6 Rd2+ 69.Ke5 Rf2 70.Rh5 Ke7
71.Bd5 Re2+ 72.Be4 Kf7 73.Kf5 Ke7 74.Bh1 Kf8 75.Kxg5 Re5+ 76.Kf6  1-0

[Event "RUS-Cup5"]
[Site "Ekaterinburg"]
[Date "1997.??.??"]
[Round "2"]
[White "Bashkov, Viacheslav"]
[Black "Fominyh, Alexander"]
[Result "0-1"]
[WhiteElo "2435"]
[BlackElo "2545"]

1.e4 c5 2.Nf3 Nc6 3.d4 cxd4 4.Nxd4 e6 5.Nc3 Qc7 6.Be2 a6 7.O-O Nf6 8.Be3 Bb4
9.Na4 Be7 10.c4 d6 11.f3 Ne5 12.Rc1 b6 13.b4 Ned7 14.Nb3 Qc6 15.Nc3 O-O 16.a4 Qc7
17.a5 bxa5 18.Nxa5 Rb8 19.Qa4 Bb7 20.Kh1 Ba8 21.Rfd1 h6 22.Bf1 Rfc8 23.Nb3 Bb7
24.Qa2 Ra8 25.Na5 Qb8 26.Qf2 Kh8 27.Qb2 Bd8 28.Nxb7 Qxb7 29.b5 Qb8 30.Qd2 Ne8
31.bxa6 Nc5 32.Rb1 Qa7 33.Nb5 Qxa6 34.Nxd6 Nxd6 35.Qxd6 Qxd6 36.Rxd6 Bg5
37.Bg1 Be7 38.Rdd1 Rc7 39.g3 Ra3 40.Kg2 Ra2+ 41.Bf2 Nxe4 42.Rb8+ Kh7 43.fxe4 Bc5
44.e5 Rxf2+ 45.Kh3 Kg6 46.Rg8 Kh7 47.Re8 h5 48.Bg2 Re2 49.Bf3 Rxe5 50.Rd5 exd5
51.Rxe5 dxc4 52.Rxh5+ Kg8 53.Be4 c3 54.Bc2 g6 55.Rd5 Be7 56.Kg4 Rb7 57.Rd3 Bf6
58.h4 Rb2 59.Rf3 Bd4 60.Rd3 Bg7 61.Rd8+ Kh7 62.Bd3 Rd2  0-1

[Event "RUS-Cup5"]
[Site "Ekaterinburg"]
[Date "1997.??.??"]
[Round "2"]
[White "Frolov, Denis"]
[Black "Ibraev, Nurlan"]
[Result "1/2-1/2"]
[WhiteElo "2330"]
[BlackElo "2320"]

1.e4 c5 2.Nf3 e6 3.d4 cxd4 4.Nxd4 Nc6 5.Nc3 d6 6.Be3 Nf6 7.Bc4 a6 8.Qe2 Be7
9.Bb3 Qc7 10.O-O-O b5 11.g4 Nxd4 12.Bxd4 Bb7 13.g5 Nd7 14.Qh5 Nc5 15.Bxg7 Rg8
16.Qxh7 Bxg5+ 17.Kb1 O-O-O 18.h4 Bf4 19.Bf6 Rde8 20.Nd5 Bxd5 21.exd5 Rg6
22.Bg7 Nxb3 23.cxb3 Kb7 24.h5 Rg4 25.Bc3 Bg5 26.dxe6 Rxe6 27.Qf5 Rg2 28.Qf3+ Qc6
29.Qxf7+ Re7 30.Qd5 Bf4 31.h6 Qxd5 32.Rxd5 Rh7 33.Bd2 Kc6 34.Rd3 Bxd2 35.Rxd2 Rg6
36.b4 Rgxh6 37.Rxh6 Rxh6 38.Kc2 Rh4 39.a3 Kd7 40.Kd3 Ke6 41.Ke3 Ke5 42.f3 d5
43.Re2 Rh3 44.Kd3+ Kd6 45.Re3 Rh2 46.Kc3 Rf2 47.b3 Rf1 48.a4 Rd1 49.Rd3 Rf1
50.Kd4 Re1 51.a5 Rf1 52.Ke3 Ke5 53.Ke2 Rb1 54.Kd2  1/2-1/2

[Event "RUS-Cup5"]
[Site "Ekaterinburg"]
[Date "1997.??.??"]
[Round "4"]
[White "Korneev, Oleg"]
[Black "Tunik, Gennady"]
[Result "1-0"]
[WhiteElo "2590"]
[BlackElo "2460"]

1.e4 c5 2.Nf3 e6 3.d4 cxd4 4.Nxd4 Nc6 5.Nc3 a6 6.Be3 Qc7 7.Bd3 Nf6 8.O-O Ne5
9.h3 Bc5 10.f4 Nc6 11.Nf5 Bxe3+ 12.Nxe3 d6 13.Kh1 h5 14.Qd2 Bd7 15.a4 Rd8
16.Rae1 Bc8 17.Nc4 Nb4 18.Qf2 Nxd3 19.cxd3 Qc5 20.Qxc5 dxc5 21.e5 Nd5 22.Nd6+ Ke7
23.Nxd5+ exd5 24.Rc1 Rxd6 25.exd6+ Kxd6 26.Kg1 Bf5 27.Rfd1 Rb8 28.Kf2 b5
29.axb5 Rxb5 30.Rd2 Rb4 31.Kf3 h4 32.Ra1 Bc8 33.Ra5 Rb3 34.Ke2 Rb4 35.Rc2 Rxf4
36.Rcxc5 Bb7 37.Ke3 Rb4 38.Rc2 f5 39.Ra3 g5 40.d4 Rb6 41.Kf2 Rb4 42.Ke3 Rb6
43.Ke2 Bc6 44.g3 Bb5+ 45.Kf2 Rb8 46.gxh4 gxh4 47.Rf3 Ke6 48.Rf4 Rh8 49.Rc5 Rh5
50.Rf3 Kd6 51.b4 Bc4 52.Rc8 Ke7 53.Re3+ Kd7 54.Ree8 Rg5 55.Red8+ Ke7 56.Rh8 Kd7
57.Rc5 f4 58.Rh7+ Kd6 59.Rh6+ Kd7 60.Rcc6 Rg3 61.Rcf6 Ke7 62.Rb6  1-0

[Event "RUS-Cup5"]
[Site "Ekaterinburg"]
[Date "1997.??.??"]
[Round "8"]
[White "Kostenko, Petr"]
[Black "Beshukov, Sergei"]
[Result "1/2-1/2"]
[WhiteElo "2365"]
[BlackElo "2435"]

1.e4 c5 2.Nf3 Nc6 3.d4 cxd4 4.Nxd4 e6 5.Nc3 Qc7 6.f4 a6 7.Be2 b5 8.Be3 Bb7
9.O-O Bc5 10.Qd2 Qb6 11.Rad1 d6 12.Bf3 Na5 13.Bf2 Nc4 14.Qc1 Qc7 15.Kh1 Nf6
16.a3 O-O 17.Rd3 Rac8 18.Bh4 Nxb2 19.Qxb2 Bxd4 20.Rxd4 Qxc3 21.Rb1 Qxc2 22.Qb4 e5
23.Rd2 Qc5 24.Bxf6 Qxb4 25.axb4 gxf6 26.Rxd6 Rc6 27.fxe5 fxe5 28.Rd7 Bc8
29.Ra7 Rd8 30.h4 Kg7 31.Kh2 Rd7 32.Ra8 Rd4 33.Ra7 Rcc4 34.Bh5 Rd7 35.Ra8 Bb7
36.Ra7 Bc8 37.Ra8 Rxe4 38.Bf3 Rc4 39.Re1 f6 40.h5 Rdc7 41.Rd1 Rd4 42.Rxd4 exd4
43.Kg3 Kf7 44.Kf4 Ke7 45.h6 f5 46.Rb8 Kd8 47.g4 d3 48.g5 d2 49.g6 hxg6 50.Kg5 Rd7
51.Bd1 Kc7 52.Ra8 Rd3 53.Ra7+ Bb7 54.h7 Rh3 55.Bf3 d1=Q 56.Rxb7+ Kc8 57.Bxd1 Kxb7
58.Kxg6 Rxh7 59.Kxh7  1/2-1/2

[Event "Momotov mem"]
[Site "Enakievo"]
[Date "1997.??.??"]
[Round "?"]
[White "Belikov, Vladimir"]
[Black "Timoshenko, Georgy"]
[Result "1/2-1/2"]
[WhiteElo "2500"]
[BlackElo "2510"]

1.e4 c5 2.Nf3 e6 3.Nc3 Nc6 4.d4 cxd4 5.Nxd4 Nf6 6.a3 Qc7 7.Be3 a6 8.Be2 Be7
9.O-O O-O 10.f4 d6 11.Qe1 Nxd4 12.Bxd4 e5 13.Be3 exf4 14.Bxf4 Be6 15.Qg3 Kh8
16.e5 Ne8 17.Rad1 Qc5+ 18.Kh1 dxe5 19.Bxe5 Rd8 20.Rxd8  1/2-1/2

[Event "Momotov mem"]
[Site "Enakievo"]
[Date "1997.??.??"]
[Round "?"]
[White "Baklan, Vladimir"]
[Black "Bagaturov, Giorgi"]
[Result "0-1"]
[WhiteElo "2530"]
[BlackElo "2475"]

1.e4 c5 2.Nf3 Nc6 3.d4 cxd4 4.Nxd4 e6 5.Nc3 Qc7 6.g3 a6 7.Bg2 Nf6 8.O-O Nxd4
9.Qxd4 Bc5 10.Qd3 Ng4 11.Qe2 Ne5 12.Kh1 d6 13.f4 Nc6 14.Be3 Bxe3 15.Qxe3 b5
16.e5 d5 17.Qc5 Bd7 18.a4 b4 19.Nb5 axb5 20.axb5 Ra5 21.c4 bxc3 22.bxc3 Kd8
23.c4 Rxa1 24.Rxa1 Nb8 25.Qxc7+ Kxc7 26.cxd5 Kb6 27.g4 Rc8 28.h3 g6 29.dxe6 fxe6
30.Rd1 Kxb5 31.Rd6 Rf8 32.f5 gxf5 33.Kh2 Kc5 34.Kg3 f4+ 35.Kf2 f3 36.Bf1 Rf7
37.Bd3 Nc6 38.Bf5 Nxe5 39.Bxe6  0-1

[Event "BCF-chT 96/97"]
[Site "England"]
[Date "1997.??.??"]
[Round "?"]
[White "Ansell, Simon"]
[Black "Emms, John M"]
[Result "0-1"]
[WhiteElo "2390"]
[BlackElo "2535"]

1.e4 c5 2.Nf3 e6 3.d4 cxd4 4.Nxd4 Nc6 5.Nc3 Qc7 6.Be2 a6 7.Be3 Nf6 8.O-O Bb4
9.Na4 Be7 10.c4 O-O 11.Nc3 d6 12.Rc1 Nxd4 13.Qxd4 Bd7 14.f4 Rfd8 15.e5 Ne8
16.Qb6 dxe5 17.Qxc7 Nxc7 18.Bb6 Rac8 19.fxe5 Bc6 20.Bf3 Bxf3 21.Rxf3 Rd7
22.Ne4 Nd5 23.Ba5 f5 24.exf6 Nxf6 25.Nxf6+ Bxf6 26.Bc3 Rxc4 27.Rcf1 Be7 28.Kh1 Rcc7
29.Re3 Rc6 30.Ref3 Bc5 31.b4 Be7 32.a3 Rc8 33.Re1 Rf8 34.Rxe6 Rd1+ 35.Re1 Rxf3
36.gxf3 Rxe1+ 37.Bxe1 Bf6 38.Kg2 Kf7 39.Kf2 b5 40.Ke3 Bb2 41.Ke4 Ke6 42.h3 Bxa3
43.Bc3 g6 44.Kd4 Kd6 45.Ke4 Bc1 46.f4 Ke6 47.Bg7 Bd2 48.Bf8 a5 49.bxa5 Bxa5  0-1

[Event "BCF-chT 96/97"]
[Site "England"]
[Date "1997.??.??"]
[Round "5"]
[White "Walsh, Chris"]
[Black "Crouch, Colin S"]
[Result "0-1"]
[WhiteElo "2180"]
[BlackElo "2375"]

1.e4 c5 2.Nf3 Nc6 3.d4 cxd4 4.Nxd4 e6 5.Nc3 Qc7 6.Be2 a6 7.O-O Nf6 8.Be3 b5
9.Nxc6 dxc6 10.f4 b4 11.Na4 Nxe4 12.Nb6 Rb8 13.Nxc8 Rxc8 14.Bxa6 Rd8 15.Qe1 Bc5
16.Bxc5 Nxc5 17.Bc4 Rd4 18.Bxe6 Re4 19.Qf2 Nxe6 20.f5 Nd8 21.Rae1 Rxe1 22.Rxe1+ Kd7
23.Qd4+ Kc8 24.Qxb4 c5 25.Qg4 f6 26.Re3 Nc6 27.Qc4 Qd6 28.Qf7 Qd1+ 29.Kf2 Qd2+
30.Re2 Qf4+ 31.Ke1 Nd4 32.Qxg7 Rd8  0-1